000
00326nam a2200145Ia 4500
008
230718s9999 xx 000 0 und d
041
_a
Eng.
082
_a
346.02
_b
CH.-L
100
_a
Ch. M.A
245
0
_a
Law of Toart Easement
260
_a
Pakistan
_b
Mnadeem Book
_c
2010
300
_a
176
650
_a
Law
999
_c
29802
_d
29802